Nommer tous les os du corps humain - Statistiques

Statistiques générales
  • Ce quiz a été pris 199 fois
  • Le résultat moyen est 18 sur 91
Statistiques - réponses
Hint Réponse % Correct
Membre inférieur Fémur
83%
Membre inférieur Tibia
79%
Membre supérieur Humérus
66%
Membre supérieur Radius
63%
Membre supérieur Clavicule
58%
Membre supérieur Scapula
54%
Crâne Mandibule
53%
Membre supérieur Ulna
49%
Crâne Frontal
48%
Membre supérieur Métacarpe
46%
Crâne Maxillaire
43%
Crâne Occipital
42%
Crâne Pariétal
39%
Crâne Temporal
39%
Membre inférieur Métatarse
38%
Membre inférieur Fibula
37%
Crâne Nasal
33%
Tronc Sternum
32%
Membre inférieur Patella
29%
Crâne Sphénoïde
29%
Tronc Coccyx
27%
Crâne Ethmoïde
26%
Crâne Marteau
26%
Membre supérieur Lunatum
24%
Crâne Zygomatique
24%
Crâne Enclume
23%
Crâne Étrier
23%
Membre supérieur Scaphoïde
23%
Tronc Sacrum
22%
Membre inférieur Talus
21%
Membre supérieur Trapèze
21%
Membre supérieur Trapézoïde
20%
Membre supérieur Capitatum
19%
Membre supérieur Hamatum
19%
Crâne Lacrymal
19%
Crâne Palatin
19%
Membre supérieur Pisiforme
19%
Crâne Vomer
18%
Membre supérieur Triquétrum
17%
Tronc Atlas
16%
Membre inférieur Calcanéus
16%
Membre inférieur Cuboïde
14%
Tronc Hyoïde
14%
Membre inférieur Naviculaire
14%
Tronc Axis
13%
Membre supérieur Phalanges distales
13%
Membre supérieur Phalanges proximales
13%
Membre inférieur Phalanges proximales
13%
Crâne Cornet nasal inférieur
11%
Tronc L1
9%
Tronc L2
9%
Tronc L3
9%
Tronc L4
9%
Tronc L5
9%
Tronc Côte 1
8%
Tronc Côte 2
8%
Tronc Côte 3
8%
Tronc Côte 4
8%
Membre inférieur Os coxal
8%
Tronc T1
8%
Tronc T10
8%
Tronc T11
8%
Tronc T12
8%
Tronc T2
8%
Tronc T3
8%
Tronc T4
8%
Tronc T5
8%
Tronc T6
8%
Tronc T7
8%
Tronc T8
8%
Tronc T9
8%
Tronc Côte 10
7%
Tronc Côte 11
7%
Tronc Côte12
7%
Tronc Côte 5
7%
Tronc Côte 6
7%
Tronc Côte 7
7%
Tronc Côte 8
7%
Tronc Côte 9
7%
Membre inférieur Cunéiforme médial
7%
Tronc C3
6%
Tronc C3
6%
Tronc C4
6%
Tronc C5
6%
Tronc C6
6%
Tronc C7
6%
Membre inférieur Cunéiforme intermédiaire
6%
Membre inférieur Cunéiforme latéral
6%
Membre supérieur Phalanges moyennes
4%
Membre inférieur Phalanges moyennes
4%
Crâne Os incisif
0%
Aucun quiz correspondant
Distribution des résultats
% des personnes avec chaque résultat
Percentile par nombre de réponses
Votre historique - résultats
Vous n’avez pas pris ce quiz